Lý thuyết & bài tập lập trình Pascal 5.5- 6.0

Sách giới thiệu các lý thuyết kèm theo một số ví dụ cụ thể và một số bài tập mẫu để tham khảo

সংরক্ষণ করুন:
গ্রন্থ-পঞ্জীর বিবরন
প্রধান লেখক: Nguyễn, Thị Kiều Duyên
বিন্যাস: গ্রন্থ
ভাষা:Undetermined
প্রকাশিত: Bến Tre Thanh Niên 2001
বিষয়গুলি:
ট্যাগগুলো: ট্যাগ যুক্ত করুন
কোনো ট্যাগ নেই, প্রথমজন হিসাবে ট্যাগ করুন!
Thư viện lưu trữ: Trung tâm Học liệu Trường Đại học Cần Thơ
LEADER 00871nam a2200217Ia 4500
001 CTU_177453
008 210402s9999 xx 000 0 und d
020 |c 20000 
082 |a 005.133076 
082 |b D527 
100 |a Nguyễn, Thị Kiều Duyên 
245 0 |a Lý thuyết & bài tập lập trình Pascal 5.5- 6.0 
245 0 |c Nguyễn Thị Kiều Duyên 
260 |a Bến Tre 
260 |b Thanh Niên 
260 |c 2001 
520 |a Sách giới thiệu các lý thuyết kèm theo một số ví dụ cụ thể và một số bài tập mẫu để tham khảo 
650 |a Pascal ( computer program language ),Pascal (Ngôn ngữ lập trình) 
650 |x Problems, exercises,Bài tập, vấn đề 
904 |i Thư 
980 |a Trung tâm Học liệu Trường Đại học Cần Thơ